000 00958nam a22003257a 4500
001 BR8006261
003 BR-BrBNA
005 20230928090801.0
007 ta
008 230509b bl.||||| |||| 00| 0 por d
040 _aBR-BrBNA
_bpor
_cBiblioteca Nacional de Agricultura
041 _a(Por)
072 _aE30; E10; E15
_b/G514
090 _ E30 BR8006261
110 1 _aBanco de Desenvolvimento do Estado do Maranhao S.A., Sao Luis (Brasil)
_91087
245 1 _aPrograma de assistencia as microempresas PROMINI/PROMICRO/CEBRAE [Maranhao, Brasil]
260 3 _aSao Luis, MA (Brasil):
_c1980.
300 _a18 p.
500 _a2 tables
650 _aPROJETO DE DESENVOLVIMENTO
650 _aASSISTENCIA TECNICA
650 _aFINANCIAMENTO
650 _aCREDITO
650 _aEMPRESA INDUSTRIAL
650 _aEMPRESA COMERCIAL
650 _aEMPRESA AGRICOLA
650 _aMARANHAO
909 _a202309
_bLucia
_c55
_dLucia Elande
942 _cBK
999 _c30517
_d30517